MARC

LEADER 00000nam0a2200000 4500
001 155712
005 20231031152538.0
010 |a 5229007389 
020 |a RU  |b 92-17892 
035 |a (RuTPU)RU\TPU\book\168892 
090 |a 155712 
100 |a 20090318d1992 km y0rusy5003 ca 
101 0 |a rus 
102 |a RU 
105 |a a z 001zy 
200 1 |a Декомпозиция и повышение качества гидроксида алюминия  |f А. И. Савченко, К. Н. Савченко 
210 |a Москва  |c Металлургия  |d 1992 
215 |a 156 с.  |c ил.  |d 20 см 
225 1 |a Проблемы цветной металлургии 
320 |a Библиогр.: с. 155 (24 назв.). 
610 1 |a глиноземное производство 
610 1 |a декомпозиция 
610 1 |a соединения железа 
610 1 |a соединения кремния 
610 1 |a алюминатно-щелочные растворы 
610 1 |a гидроксид титана 
610 1 |a кристаллизация 
610 1 |a взвешенный слой 
610 1 |a разложение 
610 1 |a алюминатные растворы 
610 1 |a получение 
610 1 |a промывка 
675 |a 669.71  |z rus 
700 1 |a Савченко  |b А. И.  |g Александр Иванович  |4 070 
701 1 |a Савченко  |b К. Н.  |g Капитолина Николаевна  |4 070 
801 0 |a RU  |b RuMRKP  |c 19950417  |g psbo 
801 1 |a RU  |b 63413507  |c 20090318  |g PSBO 
801 2 |a RU  |b 63413507  |c 20100315  |g PSBO 
942 |c BK